Statistics for NATO Nations

Click here to take the quiz!

General Stats

  • This quiz has been taken 19 times
  • The average score is 23 of 28

Answer Stats

ContinentCountry% Correct
EuropeItaly
94%
EuropePoland
94%
EuropeUnited Kingdom
94%
North AmericaCanada
88%
EuropeCroatia
88%
EuropeEstonia
88%
EuropeFrance
88%
EuropeGermany
88%
EuropeLatvia
88%
EuropeNorway
88%
EuropePortugal
88%
EuropeBelgium
81%
EuropeBulgaria
81%
EuropeCzech Republic
81%
EuropeDenmark
81%
EuropeGreece
81%
EuropeHungary
81%
EuropeLithuania
81%
EuropeLuxembourg
81%
North AmericaUnited States
81%
EuropeAlbania
75%
EuropeNetherlands
75%
EuropeRomania
75%
EuropeSlovenia
75%
Europe/AsiaTurkey
75%
EuropeIceland
69%
EuropeSlovakia
69%
EuropeMontenegro
50%

Score Distribution

Percentile by Number Answered

Percent of People with Each Score

Your Score History

You have not taken this quiz